000 00503cam a22001934a 4500
005 20250605164154.0
008 250528s ||||||||||||||||||||||||d
035 _a19506
020 _a9603446149
040 _aGR-AtMCL
_bgre
_dGR-AtMCL
_eAACR2
245 1 _aΠΛΕΥΡΕΣ ΤΗΣ ΑΝΘΡΩΠΙΝΗΣ ΑΝΑΠΤΥΞΗΣ
250 _a1
260 _bΕλληνικά Γράμματα,
_c1998
300 _a86
700 1 _aLewis Charles
_9314
942 _cBK
999 _c4762
_d4762